| 000 | 00831nam a2200229Ia 4500 | ||
|---|---|---|---|
| 008 | 130821s1964 mx a gr spa | ||
| 040 |
_aCo-BoUCM _bspa |
||
| 041 | _aspa | ||
| 100 | 1 |
_aRojas Garcia, Antonio _9113695 |
|
| 245 | 1 | 0 |
_aTratado de economía industrial _cAntonio Rojas García |
| 260 |
_aMéxico D.F. (México) _bUNAM _c1964 |
||
| 300 |
_a812 páginas _bilustraciones, gráficas |
||
| 490 | 0 | _aManuales Universitarios | |
| 500 | _aEl ejemplar No.2 es Donación Dr. Álvaro Daza Roa. | ||
| 504 | _aIncluye referencias bibliográficas e índices. | ||
| 650 | 0 | 4 |
_aEconomía industrial _913695 |
| 650 | 0 | 4 |
_aEconomía _9174 |
| 650 | 0 | 4 |
_aOrganización industrial _920855 |
| 710 | 2 |
_aUniversidad Nacional Autónoma de México _948848 |
|
| 942 |
_cLIBRO _a7 _e1 _mR64 _2DEWEY _h338 |
||
| 999 |
_c10637 _d10637 |
||